| 000 | 00445nam a2200169Ia 4500 | ||
|---|---|---|---|
| 003 | GCL | ||
| 008 | 140319s9999 xx 000 0 eng d | ||
| 040 |
_aGCL / _cGCL |
||
| 082 | 0 | 4 |
_a540 _bZ I |
| 100 | 1 | _aSALACROU, ARMAND | |
| 245 | 1 | 0 |
_aINTRODUCTORY CHEMISTRY / _cSALACROU, ARMAND |
| 260 |
_a[S.N] : _bMACMILLAN PUBLISHING COMPANY ، _c1990 |
||
| 300 | _a700 Pp | ||
| 650 | 0 | 4 | _aCHEMISTRY |
| 650 | 0 | 4 | _aCHEMISTRY IN ORGANIC |
| 942 |
_2ddc _cBK |
||
| 999 |
_c16755 _d16755 |
||